| 000 | 01436cam a2200373 a 4500 | ||
|---|---|---|---|
| 999 |
_c17918 _d17918 |
||
| 008 | 161130b xxu||||| |||| 00| 0 eng d | ||
| 010 | _a 2002010983 | ||
| 020 | _a0736042105 (hard cover) | ||
| 050 | 0 | 0 | _aGV481 .H734 2003 |
| 100 | 1 |
_aHowley, Edward T., _d1943- |
|
| 245 | 1 | 0 |
_aHealth fitness instructor's handbook / _cEdward T. Howley, B. Don Franks. |
| 250 | _a4th ed. | ||
| 260 |
_aChampaign, IL : _bHuman Kinetics, _cc2003. |
||
| 300 |
_ax, 573 p. : _bill. (some col.) ; _c29 cm. |
||
| 504 | _aIncludes bibliographical references and index. | ||
| 650 | 0 |
_aPhysical fitness _vHandbooks, manuals, etc. |
|
| 650 | 0 |
_aPhysical fitness _xTesting _vHandbooks, manuals, etc. |
|
| 650 | 0 |
_aExercise _xPhysiological aspects _vHandbooks, manuals, etc. |
|
| 650 | 0 | _aHealth. | |
| 650 | 1 | 2 |
_aExercise _xphysiology. |
| 650 | 2 | 2 | _aHealth Behavior. |
| 650 | 2 | 2 | _aNutrition. |
| 650 | 2 | 2 |
_aPhysical Fitness _xphysiology. |
| 700 | 1 | _aFranks, B. Don. | |
| 942 |
_2lcc _cBOOKS |
||